000 00369nam a2200145Ia 4500
008 230519s9999 xx 000 0 und d
020 _a978-81-909385-9-4
041 _aeng
082 _aN/613.2/SOH/DB0313
100 _aSohi Darshan
245 _aNutrition and Dietetics
260 _bS Vikas and Co
_aJalandhar
_c2012
300 _a304p
999 _c159133
_d159133